000 00735pam a22002292 4500
999 _c3249
_d3249
003 UkOxU
005 20210903104056.0
008 791205s1980 mdua b 001 0 eng
020 _a068301515X
040 _cALUPE UNIVERSITY
050 0 _aRD118
_b.F83 1981
060 _aWO600 F981
245 0 0 _aFundamentals of plastic and reconstructive surgery /
_cedited by Wallace H. J. Chang.
260 _aBaltimore :
_bWilliams & Wilkins,
_cc1980.
300 _axvi, 392 p. :
_bill. ;
_c26 cm.
504 _aIncludes bibliographical references and index.
650 0 _aSurgery, Plastic.
650 2 _aSurgery, Plastic.
700 1 _aChang, Wallace H. J.
942 _2lcc
_cBK
_nPW